Survey of economic and social developments in the Arab region (Record no. 59163)

MARC details
000 -LEADER
fixed length control field 00881nam a2200157 a 4500
008 - FIXED-LENGTH DATA ELEMENTS--GENERAL INFORMATION
fixed length control field 200114s2017 ||||||||||||||||| || u
020 ## - INTERNATIONAL STANDARD BOOK NUMBER
International Standard Book Number 9789211284065
050 ## - LIBRARY OF CONGRESS CALL NUMBER
Classification number UNESCWA(02)2017-18/5
110 ## - MAIN ENTRY--CORPORATE NAME
Corporate name or jurisdiction name as entry element United Nations Economic and Social Commission for Western Asia (UNESCWA)
245 10 - TITLE STATEMENT
Title Survey of economic and social developments in the Arab region
Statement of responsibility, etc. United nations economic and social commission for western Asia
260 ## - PUBLICATION, DISTRIBUTION, ETC.
Place of publication, distribution, etc. Beirut:
Name of publisher, distributor, etc. United Nations Economic and Social Commission for Western Asia (UN-ESCWA)
Date of publication, distribution, etc. 2017
300 ## - PHYSICAL DESCRIPTION
Extent 143 pages.: illustrations
650 #0 - SUBJECT ADDED ENTRY--TOPICAL TERM
Topical term or geographic name entry element ARAB COUNTRIES--SOCIAL CONDITIONS
650 #0 - SUBJECT ADDED ENTRY--TOPICAL TERM
Topical term or geographic name entry element ARAB COUNTRIES--ECONOMIC CONDITIONS
995 ## - RECOMMENDATION 995 [LOCAL, UNIMARC FRANCE]
-- CBU-MAIN LIBRARY (Kitwe)
-- 1
-- AVAILABLE
-- Jan 14, 2020
-- United Nations Economic and Social Commission for Western Asia
-- Main Library Open Access Collection
Holdings
Withdrawn status Lost status Source of classification or shelving scheme Damaged status Not for loan Home library Current library Shelving location Date acquired Total Checkouts Full call number Barcode Date last seen Price effective from Koha item type
          CBU-MAIN LIBRARY, KITWE. CBU-MAIN LIBRARY, KITWE.   11/30/2022   UNESCWA(02)2017-18/5 B4180 11/30/2022 11/30/2022 MONOGRAPH